Responses for Show #836 - Monday, April 4, 1988

Contestants

[<< previous game]

Johanna Pick, a photographer from Los Angeles, California

Bob Sutton, an environmental chemist from Gainesville, Florida

Cynthia Heller, an office manager from Hatboro, Pennsylvania

[next game >>]

Jeopardy! Round responses

ART
BACTERIA
TRUMAN SPEAKS
STATISTICS
SEA SONGS
VOCABULARY
    $100 4
a mural

Triple Stumper
    $100 12
a microscope

Bob
    $100 19
a nuclear war

Bob
    $100 7
state

Triple Stumper
    $100 3
the yellow submarine

Johanna
    $100 1
(Cynthia: What is chamois?)

petticoat

Cynthia
Triple Stumper
    $200 5
delights

Johanna
    $200 13
98.6o Fahrenheit

Bob
    $200 20
a fence

Johanna
    $200 8
paper (newspapers sccepted)

Bob
    $200 27
"Love Letters in the Sand"

Cynthia
    $200 2
egg-shaped

Johanna
    $300 6
the Louvre

Bob
    $300 14
Louis Pasteur

Bob
    $300 21
the United Nations

Cynthia
    $300 9
(Johanna: What is 30%?)
(Cynthia: What is 38%?)

22%

CynthiaBobJohanna
    $600 28
[The end-of-round signal sounds.]

"Ebb Tide"

Cynthia
    $300 22
sleep

Cynthia
    $400 17
Australia

Triple Stumper
    $400 15
acidophilus

Bob
    $400 25
president

Cynthia
    $400 10
Jordan

Bob
    $400 23
podium

Johanna
    $500 18
Cubism

Triple Stumper
    $500 16
a spore

Johanna
    $500 26
a mule

Cynthia
    $500 11
Iceland

Bob
    $500 24
(Yes. That's right and we've got less than a minute to go.)

a fabulist

Johanna

Scores at the first commercial break (after clue 11):

Cynthia Bob Johanna
-$400 $1,700 $200

Scores at the end of the Jeopardy! Round:

Cynthia Bob Johanna
$1,900 $2,800 $1,800

Double Jeopardy! Round responses

BRITISH HISTORY
TITLE CHARACTERS
(Alex; From plays)
INVENTORS
MYTHS & LEGENDS
"DD"
AMERICANA
    $200 12
the Boy Scouts

Cynthia
    $200 3
Abie's Irish Rose

Cynthia
    $200 10
Jacuzzi

Cynthia
    $200 6
(Bob: Who is... [*]?)
[Bob was originally thought to have mispronounced Kidder's name and ruled incorrect, but was given credit for his response following a review of the tape before Final Jeopardy!]

Margo Kidder

BobJohanna
    $200 17
(Alex: We've got a minute to go in the round.)

Gunfight at the OK Corral (shooutout accepted)

Bob
    $400 13
the Home Office

Cynthia
    $400 1
Anna Christie

Triple Stumper
    $400 22
[The end of-round signal sounds.]

Cyrus McCormick

Johanna
    $400 7
(Bob: What is kiddie?)

toddler

CynthiaBob
    $400 18
(Cynthia: Who is Uncle Tom?)

Uncle Remus

CynthiaBob
    $600 14
Cardinal Wolsey

Bob
    $600 2
(Johanna: What is "Champion"?)

The Great White Hope

Johanna
    $1,000 8
(Alex: Cynthia?)
(Cynthia: Oh, what is red?)
(Alex: Oh, you're on the right track, but you forgot the second part of the clue. Palindrome, has to be spelled the same backwards and forwards. [*]. Comparative, comparative. Okay, that cost you a thou; you start building.)

redder

Cynthia
    $600 19
(Johanna: What is Poc..Pocshahasha...Punxsutawney, Pennsylvania?)
(Cynthia: What is Florida & California?)
(Alex: Be more specific.)
(Cynthia: What is [*]?)

Disneyworld & Disneyland

CynthiaJohanna
    $800 15
Balfour

Cynthia
    $800 4
Mother Courage

Johanna
    $800 9
G. Gordon Liddy

Bob
    $800 20
Henry Ford

Johanna
    $1000 16
Charles II

Cynthia
    $1000 5
Inspector Hound

Triple Stumper
    $1000 21
movies

Triple Stumper
    $1000 11
Roger Mudd

Triple Stumper

Scores at the end of the Double Jeopardy! Round:

Cynthia Bob Johanna
$4,300 $4,600 $2,800

[wagering suggestions for these scores]

Final Jeopardy! Round responses

THE OSCARS
(Alex: [To Cynthia] "What is 'On Golden Po'?" I think we can accept that as [*].)
JohannaWhat is Guess Who's Coming to Dinner?
$2,799
CynthiaWhat is On Golden Po
$4,299
BobWhat was On Golden Pond?
$4,050
On Golden Pond

Final scores:

Cynthia Bob Johanna
$8,599 $8,650 $1
2nd place: a refrigerator & a water filter system New champion: $8,650 3rd place: a VCR

Game dynamics:

Coryat scores:

Cynthia Bob Johanna
$5,000 $4,600 $3,400
14 R
(including 1 DD),
4 W
(including 1 DD)
15 R,
1 W
11 R,
3 W
(including 1 DD)

Combined Coryat: $13,000

[game clues] [game scores] [suggest correction]

Game tape date: 1987-12-14
The J! Archive is created by fans, for fans. Scraping, republication, monetization, and malicious use prohibited; this site may use cookies and collect identifying information. See terms. The Jeopardy! game show and all elements thereof, including but not limited to copyright and trademark thereto, are the property of Jeopardy Productions, Inc. and are protected under law. This website is not affiliated with, sponsored by, or operated by Jeopardy Productions, Inc. Join the discussion at JBoard.tv.